00398pab a2200157 454500008004000000100002300040245004000063260000900103300001300112362000800125650001000133650001600143700002500159700002300184773003300207180718b2000 xxu||||| |||| 00| 0 eng d aEntwisle, Doris R. aEarly work histories of urban youth c2000 ap.279-97 aApr aYouth aUrban youth aOlson, Linda Steffel aAlexander, Karl L. aAmerican Sociological Review